Algo supuestamente divertido que nunca volveré a hacer: ensayos y opiniones

Enregistré dans:
Détails bibliographiques
Auteur principal: Wallace, David Foster (autor)
Format: Livre
Langue:espagnol
Publié: Barcelona Mondadori 2001
Collection:Literatura Mondadori, 163
Sujets:
Tags: Ajouter un tag
Pas de tags, Soyez le premier à ajouter un tag!

MARC

LEADER 00000nam a2200000 a 4500
001 UCM9405
003 CL-VaPUC
008 030425e20010000SP |||||||||||||||||spa|d
082 0 4 |a 814  |b WAL  |2 21 
100 |a Wallace, David Foster  |e autor  |9 475910 
245 1 0 |a Algo supuestamente divertido que nunca volveré a hacer: ensayos y opiniones 
300 |a 405 p 
942 |c BK 
945 |d 20030425 00:00:00  |a vberengu 
260 |a Barcelona  |b Mondadori  |c 2001 
650 0 |a Ensayos estadounidenses  |9 268384 
650 0 |a Literatura estadounidense  |9 317168 
583 |a last modification  |c 20030425 00:00:00  |k Rodrigo Vera 
490 0 |a Literatura Mondadori, 163 
999 |c 303675  |d 303673 
952 |0 0  |1 0  |4 0  |6 814_000000000000000_WAL_2001  |7 0  |8 A  |9 365152  |a BIBCUR  |b BIBCUR  |d 2019-11-21  |i 3899861  |o 814 WAL 2001  |p 3899861  |r 2025-04-22  |w 2019-11-21  |y BK  |k PER